000 00647nam a2200193 i 4500
001 34309
003 ES-MaACL
005 20250712032635.0
007 t|
008 030204q1901 sp ||||1| spa d
100 1 _aBlasco Ibáñez, Vicente,
_d1867-1928
_929388
245 1 0 _aSónnica la cortesana
_b: novela /
_cVicente Blasco Ibáñez.
260 _aValencia :
_bF. Sempere,
_c[1901?] (
_fImp. de El Pueblo)
300 _a389 p. ;
_c19 cm.
530 _aDisponible en formato digital.
852 _aES-MaACL
_jB-2642
856 _uhttp://bdh-rd.bne.es/viewer.vm?id=0000246151&page=1
_zBiblioteca Digital Hispánica
999 _c34309
_d34309